000 00890nam0a22002651 4500
001 RU\INFOCOMM_429\NLR\5000045795
005 20250614081315.0
035 _a(NLR Aleph) 010648048
090 _a10694180
_c10694180
100 _a20130420d1946 |||y0rusy50 ca
101 0 _ager
102 _aRU
105 _ay z||||
200 1 _aVolkskunde der Schweiz
_eGrundriss
_fRichard Weiss
210 _aErlenbach
_aZürich
_cRentsch
_dˆCop.‰1946
215 _aXXIV, 436 с., ил., карт., нот. в тексте и на отд. л.
_cил., карт., нот.
320 _aБиблиогр. в примеч.: с. 369-403
606 0 _aШвейцарский фольклор
_2nlr_sh1
686 _aШ3(44Ш)-3,0
_2rubbk
700 1 _aWeiss
_bR.
_gRichard
801 1 _aRU
_bInfocomm
_c20130420
801 0 _aRU
_bINFOCOMM
_gPSBO
852 _aNLR
_jМф К-3/7750
942 _cBOOK
980 _aNB